[Event "249th YMCA Autumn B"]
[Site "Warsaw"]
[Date "2021.10.21"]
[Round "5"]
[White "Sypula, Krzysztof"]
[Black "Jaroszuk, Marcin"]
[Result "1-0"]
[WhiteElo "1656"]
[BlackElo "1572"]
[PlyCount "97"]
[EventDate "2021.09.23"]
[EventType "tourn"]
[EventRounds "1"]
[EventCountry "POL"]
[SourceDate "2021.09.23"]

1. d4 e6 2. c4 f5 3. g3 Nf6 4. Bg2 Be7 5. Nf3 O-O 6. O-O d6 7. b3 a5 8. a3 Qe8
9. Qc2 Nc6 10. Nbd2 e5 11. dxe5 dxe5 12. e4 fxe4 13. Nxe4 Nxe4 14. Qxe4 Bf5 15.
Qe3 Bf6 16. Bb2 Qh5 17. Nxe5 Nxe5 18. Bxe5 Rfe8 19. f4 Rad8 20. Bf3 Qh6 21. Qc3
Bxe5 22. fxe5 Rd3 23. Bd5+ Kh8 24. Qe1 Re3 25. Qf2 R3xe5 26. Rae1 Qf6 27. Rxe5
Rxe5 28. Bxb7 Bh3 29. Qxf6 gxf6 30. Bg2 Bxg2 31. Kxg2 Kg7 32. b4 Re4 33. Rf4
Re3 34. Rf3 Re4 35. Rc3 Re2+ 36. Kf3 Rxh2 37. bxa5 Rb2 38. Ke4 Rb7 39. Rf3 Ra7
40. Rf5 Kf7 41. Kd4 Ke6 42. g4 Ra6 43. Kc3 Rd6 44. Kb4 Rd4 45. Rh5 Kd6 46. Rd5+
Rxd5 47. cxd5 c6 48. a6 Kc7 49. d6+ 1-0

[Event "249th YMCA Autumn B"]
[Site "Warsaw"]
[Date "2021.11.11"]
[Round "6"]
[White "Jaroszuk, Marcin"]
[Black "Mazurek, Jerzy"]
[Result "1/2-1/2"]
[WhiteElo "1572"]
[BlackElo "1691"]
[PlyCount "115"]
[EventDate "2021.09.23"]
[EventType "tourn"]
[EventRounds "1"]
[EventCountry "POL"]
[SourceDate "2021.09.23"]

1. Nf3 Nf6 2. g3 g6 3. Bg2 Bg7 4. O-O O-O 5. c4 d6 6. d4 a6 7. Nc3 Nc6 8. e4
Bg4 9. h3 Bxf3 10. Bxf3 e5 11. dxe5 dxe5 12. Bg5 Qxd1 13. Raxd1 Ne8 14. Rd7 Nd4
15. Bg2 f6 16. Be3 Rf7 17. Rxf7 Kxf7 18. f4 Bh6 19. Bc1 exf4 20. Bxf4 Bxf4 21.
gxf4 c6 22. Rd1 Rd8 23. Kf2 Ne6 24. f5 Nd4 25. Ne2 c5 26. Nc3 gxf5 27. exf5 Nd6
28. Bd5+ Kf8 29. Ne4 Nxe4+ 30. Bxe4 b6 31. Re1 Re8 32. b3 Re5 33. Bd3 Rxe1 34.
Kxe1 Ke7 35. Kf2 Kd6 36. Kg3 Ke5 37. Kg4 h5+ 38. Kxh5 Nxf5 39. Kg4 Ng7 40. h4
Kd4 41. Bf5 Kc3 42. h5 Nxh5 43. Kxh5 b5 44. Bc8 bxc4 45. bxc4 a5 46. Ba6 a4 47.
Bb5 a3 48. Ba4 Kxc4 49. Kg6 Kd3 50. Kxf6 c4 51. Kf5 c3 52. Kf4 c2 53. Bxc2+
Kxc2 54. Ke3 Kb2 55. Kd2 Kxa2 56. Kc2 Ka1 57. Kc1 a2 58. Kc2 1/2-1/2

[Event "249th YMCA Autumn B"]
[Site "Warsaw"]
[Date "2021.10.26"]
[Round "6"]
[White "Wiktorowski, Janusz"]
[Black "Sypula, Krzysztof"]
[Result "1-0"]
[WhiteElo "1449"]
[BlackElo "1656"]
[PlyCount "58"]
[EventDate "2021.09.23"]
[EventType "tourn"]
[EventRounds "1"]
[EventCountry "POL"]
[SourceDate "2021.09.23"]

1. e4 d6 2. Nf3 Nf6 3. Nc3 g6 4. d4 Bg7 5. Bc4 O-O 6. Bb3 Nc6 7. Be3 Bg4 8. a3
e5 9. d5 Bxf3 10. gxf3 Nb8 11. Qd2 Nh5 12. O-O-O a6 13. Bg5 Qd7 14. h4 f6 15.
Bh6 Bxh6 16. Qxh6 Qg7 17. Qe3 f5 18. exf5 Rxf5 19. Ne4 Nd7 20. Rdg1 h6 21. Ng3
Nxg3 22. Rxg3 Nc5 23. Bc4 Kf7 24. Rhg1 Rf6 25. b4 Nd7 26. Bd3 Nf8 27. Bxg6+
Rxg6 28. Rxg6 Qxg6 29. Rxg6 Kxg6 1-0

[Event "249th YMCA Autumn B"]
[Site "Warsaw"]
[Date "2021.10.29"]
[Round "6"]
[White "Safanowski, Tomasz"]
[Black "Sloniewska, Alicja"]
[Result "1/2-1/2"]
[WhiteElo "1688"]
[BlackElo "1658"]
[PlyCount "87"]
[EventDate "2021.09.23"]
[EventType "tourn"]
[EventRounds "1"]
[EventCountry "POL"]
[SourceDate "2021.09.23"]

1. f4 d5 2. Nf3 g6 3. e3 Bg7 4. Be2 Nf6 5. O-O O-O 6. d3 c5 7. Nc3 d4 8. Ne4
dxe3 9. Nxc5 b6 10. Ne4 Nd5 11. g3 f5 12. Neg5 h6 13. Nh3 Nc6 14. d4 Nf6 15. c3
Ng4 16. Qd3 Bb7 17. Bxe3 b5 18. Nh4 Qd5 19. Bf3 Qf7 20. Nf2 Nxe3 21. Qxe3 Bf6
22. Bd1 Na5 23. Nf3 Nc4 24. Qe2 Kg7 25. Nd3 a5 26. Nc5 Bd5 27. Ne5 Bxe5 28.
fxe5 a4 29. Bc2 Nxb2 30. e6 Qf6 31. Nd7 Qxe6 32. Qxe6 Bxe6 33. Nxf8 Rxf8 34.
Rfe1 Kf6 35. Re5 Rb8 36. Rb1 a3 37. Bb3 Bd7 38. Re3 Rc8 39. Rbe1 Re8 40. d5 g5
$11 41. h4 g4 42. R1e2 h5 43. Kf2 Nc4 44. Bxc4 $11 1/2-1/2

[Event "249th YMCA Autumn B"]
[Site "Warsaw"]
[Date "2021.10.28"]
[Round "6"]
[White "Goral, Jan"]
[Black "Dropia, Rafal"]
[Result "0-1"]
[WhiteElo "1672"]
[BlackElo "1621"]
[PlyCount "104"]
[EventDate "2021.09.23"]
[EventType "tourn"]
[EventRounds "1"]
[EventCountry "POL"]
[SourceDate "2021.09.23"]

1. c4 e5 2. Nc3 f5 3. g3 Nf6 4. Bg2 d6 5. Nf3 c5 6. d3 Nc6 7. O-O Be7 8. Rb1
Rb8 9. a3 O-O 10. b4 Nd4 11. bxc5 Nxf3+ 12. Bxf3 dxc5 13. Bd2 b6 14. Nd5 Be6
15. Nxe7+ Qxe7 16. Qc2 Rbd8 17. Bc3 Bf7 18. a4 Rd6 19. a5 Rfd8 20. axb6 axb6
21. Qb3 e4 22. Bxf6 Rxf6 23. dxe4 fxe4 24. Bg2 Rd4 25. Rbc1 Qe6 26. Qa4 g6 27.
Qa8+ Kg7 28. e3 Rxc4 29. Rxc4 Qxc4 30. Qxe4 Qxe4 31. Bxe4 b5 32. Rc1 c4 33. Kf1
Rd6 34. Ke1 b4 35. Ke2 Kf6 36. f4 b3 37. Rc3 Be6 38. Ke1 b2 39. Bc2 Ra6 40. Kd2
Ra1 41. e4 b1=Q 42. Bxb1 Rxb1 43. h4 Rb2+ 44. Ke3 Rb3 45. Kd4 Rxc3 46. Kxc3 h5
47. Kd4 Ke7 48. Kc3 Kd6 49. Kd4 Kc6 50. f5 gxf5 51. exf5 Bf7 52. f6 Kd6 0-1

[Event "249th YMCA Autumn B"]
[Site "Warsaw"]
[Date "2021.10.28"]
[Round "6"]
[White "Dabrowski, Leszek"]
[Black "Szumigaj, Marcin"]
[Result "0-1"]
[WhiteElo "1436"]
[BlackElo "1473"]
[PlyCount "40"]
[EventDate "2021.09.23"]
[EventType "tourn"]
[EventRounds "1"]
[EventCountry "POL"]
[SourceDate "2021.09.23"]

1. c4 c5 2. Nc3 Nc6 3. Nf3 g6 4. g3 Bg7 5. Bg2 d6 6. O-O Bf5 7. d3 Qd7 8. Re1
Bh3 9. Bh1 Nf6 10. a3 h5 11. Bg5 Ng4 12. Qd2 f6 13. Be3 g5 14. d4 cxd4 15. Nxd4
h4 16. Qd3 hxg3 17. Qg6+ Kf8 18. hxg3 Nxe3 19. fxe3 Nxd4 20. exd4 Bf5 0-1

[Event "249th YMCA Autumn B"]
[Site "Warsaw"]
[Date "2021.11.04"]
[Round "7"]
[White "Szumigaj, Marcin"]
[Black "Kurowski, Maciej"]
[Result "0-1"]
[WhiteElo "1473"]
[BlackElo "1590"]
[PlyCount "78"]
[EventDate "2021.09.23"]
[EventType "tourn"]
[EventRounds "1"]
[EventCountry "POL"]
[SourceDate "2021.09.23"]

1. e4 c5 2. Nc3 g6 3. h4 h5 4. d4 Bg7 5. dxc5 Qa5 6. Nge2 Na6 7. Be3 Nxc5 8. f3
Na4 9. Qd5 Qb4 10. Qb3 Qxb3 11. axb3 Nxc3 12. Nxc3 Bxc3+ 13. bxc3 a6 14. b4 d6
15. c4 Nf6 16. Bd4 e5 17. Be3 Be6 18. b5 Nd7 19. Kf2 Ke7 20. Be2 Rhc8 21. bxa6
bxa6 22. Ra4 Rc6 23. Rb1 Rac8 24. Rb7 Bxc4 25. Bxc4 Rxc4 26. Rxa6 Rxc2+ 27. Kg3
R8c7 28. Rb1 Re2 29. Rc1 Rb7 30. Bh6 Nc5 31. Ra8 Rbb2 32. Rg1 Rb3 33. Bf8+ Kf6
34. Kh2 Rxf3 35. Rd8 Nxe4 36. Kh1 Nf2+ 37. Kh2 Ng4+ 38. Kh1 Rh3+ 39. gxh3 Rh2#
0-1

[Event "249th YMCA Autumn B"]
[Site "Warsaw"]
[Date "2021.11.11"]
[Round "7"]
[White "Dropia, Rafal"]
[Black "Dabrowski, Leszek"]
[Result "1-0"]
[WhiteElo "1621"]
[BlackElo "1436"]
[PlyCount "59"]
[EventDate "2021.09.23"]
[EventType "tourn"]
[EventRounds "1"]
[EventCountry "POL"]
[SourceDate "2021.09.23"]

1. d4 d5 2. Bf4 Nf6 3. e3 Bf5 4. f3 h6 5. g4 Bh7 6. h4 e6 7. Bd3 Be7 8. Nh3
Bxd3 9. Qxd3 Nfd7 10. g5 hxg5 11. Nxg5 Bxg5 12. Bxg5 Nf6 13. e4 dxe4 14. fxe4
c6 15. Nc3 Qc7 16. O-O-O Nbd7 17. e5 Nd5 18. Ne4 f6 19. Nd6+ Kf8 20. Qg6 N7b6
21. exf6 Nxf6 22. Bxf6 Rh6 23. Bxg7+ Qxg7 24. Rdf1+ Kg8 25. Qxg7+ Kxg7 26. Rf7+
Kg6 27. Rg1+ Kh5 28. Rfg7 Rah8 29. R1g5+ Kxh4 30. Rg1 1-0

[Event "249th YMCA Autumn B"]
[Site "Warsaw"]
[Date "2021.11.04"]
[Round "7"]
[White "Sloniewska, Alicja"]
[Black "Goral, Jan"]
[Result "1/2-1/2"]
[WhiteElo "1658"]
[BlackElo "1672"]
[PlyCount "192"]
[EventDate "2021.09.23"]
[EventType "tourn"]
[EventRounds "1"]
[EventCountry "POL"]
[SourceDate "2021.09.23"]

1. d4 Nf6 2. c4 e6 3. Nc3 Bb4 4. e3 O-O 5. Nge2 b6 6. a3 Bxc3+ 7. Nxc3 Bb7 8.
Bd3 d6 9. O-O Nbd7 10. e4 e5 11. d5 a5 12. Be3 Nc5 13. Bc2 Qe7 14. Qe2 Rfe8 15.
b4 Ncd7 16. Rfc1 Nf8 17. Ba4 Reb8 18. c5 bxc5 19. bxc5 dxc5 20. f3 N6d7 21. Nb5
Ba6 22. Rab1 Ng6 23. Qc2 Rb7 24. Nc3 Rab8 25. Bc6 Rxb1 26. Rxb1 Nf4 27. Bxd7
Rxb1+ 28. Qxb1 Qxd7 29. Bxc5 h6 30. Qb8+ Kh7 31. Qa8 Qc8 32. Qxc8 Bxc8 33. Nb5
Nd3 34. Be3 Bd7 35. Nxc7 Kg6 36. Na8 a4 37. Nb6 Bb5 38. Na8 f5 39. Nc7 Bd7 40.
Na6 fxe4 41. fxe4 Kf7 42. Nc5 Nxc5 43. Bxc5 g6 44. Kf2 h5 45. Ke3 Bb5 46. Bb4
Bc4 47. Bc3 Kf6 48. Bb4 Ba2 49. Bc3 Bb1 50. d6 Ke6 51. Bxe5 g5 52. h4 gxh4 53.
Bh2 Bc2 54. Kd4 Bb1 55. e5 Bg6 56. Bf4 Bf7 57. Bg5 Bg6 58. Bxh4 Bf7 59. Bf6 Be8
60. Kc5 Bd7 61. Kd4 Be8 62. Ke3 Bg6 63. Kf4 Bf7 64. Kg5 Be8 65. Bh8 Bf7 66. g3
Kd7 67. Kf6 Be6 68. Bg7 Bh3 69. Bh6 Be6 70. Be3 Bh3 71. Bc5 Be6 72. Kg5 Bg4 73.
Kf4 Be6 74. Ke4 Bf7 75. Be3 Be6 76. Kd4 Bf7 77. Bf4 Ke6 78. Kc5 Be8 79. Kb6 Bd7
80. Kc7 Be8 81. Be3 Bd7 82. Bd4 Be8 83. Kb6 Bd7 84. Kc5 Be8 85. Bc3 Bf7 86. Kd4
Kd7 87. Kc5 Ke6 88. Kd4 Kd7 89. Bb4 Ke6 90. Bc5 Kd7 91. Ba7 Ke6 92. Kc5 Be8 93.
Bb8 Bf7 94. Kb6 Be8 95. Kb7 Bd7 96. Ka6 Kxe5 1/2-1/2

[Event "249th YMCA Autumn B"]
[Site "Warsaw"]
[Date "2021.11.04"]
[Round "7"]
[White "Sypula, Krzysztof"]
[Black "Safanowski, Tomasz"]
[Result "1/2-1/2"]
[WhiteElo "1656"]
[BlackElo "1688"]
[PlyCount "57"]
[EventDate "2021.09.23"]
[EventType "tourn"]
[EventRounds "1"]
[EventCountry "POL"]
[SourceDate "2021.09.23"]

1. Nf3 Nf6 2. g3 d6 3. Bg2 e5 4. d3 g6 5. c4 Bg7 6. Nc3 O-O 7. O-O c6 8. Qc2
Qe7 9. e4 a5 10. b3 Na6 11. h3 Bd7 12. Be3 b5 13. Rad1 a4 14. cxb5 axb3 15.
axb3 Nb4 16. Qb1 c5 17. Nd2 Rfb8 18. Nc4 Bxb5 19. Rd2 Bxc4 20. dxc4 Nc6 21. Nb5
Nd4 22. Bxd4 cxd4 23. Ra2 Ne8 24. Rxa8 Rxa8 25. Qb2 Nc7 26. Nxc7 Qxc7 27. Rd1
Rb8 28. Qc2 Qb6 29. Rd3 $11 1/2-1/2

[Event "249th YMCA Autumn B"]
[Site "Warsaw"]
[Date "2021.11.04"]
[Round "7"]
[White "Mazurek, Jerzy"]
[Black "Wiktorowski, Janusz"]
[Result "1-0"]
[WhiteElo "1691"]
[BlackElo "1449"]
[PlyCount "83"]
[EventDate "2021.09.23"]
[EventType "tourn"]
[EventRounds "1"]
[EventCountry "POL"]
[SourceDate "2021.09.23"]

1. e4 e5 2. Nf3 Nc6 3. Bb5 a6 4. Ba4 Nf6 5. O-O b5 6. Bb3 Bc5 7. a4 Rb8 8. axb5
axb5 9. c3 d6 10. d4 Bb6 11. h3 h6 12. Qe2 Bd7 13. Rd1 O-O 14. Be3 Re8 15. d5
Na5 16. Bc2 Bxe3 17. fxe3 c5 18. b4 cxb4 19. cxb4 Nc4 20. Nbd2 Qb6 21. Nf1 Ra8
22. Bd3 Rac8 23. Rdc1 Rc7 24. Kh2 Rec8 25. Rc2 g5 26. Rca2 Rb7 27. Ra6 Qc7 28.
Qf2 Kf8 29. Nxg5 Ke7 30. Nf3 Rg8 31. Bxc4 bxc4 32. Nxe5 c3 33. Nc6+ Bxc6 34.
dxc6 d5+ 35. Kg1 Nxe4 36. Qh4+ Rg5 37. cxb7 c2 38. Ra8 c1=Q 39. Rxc1 Qxb7 40.
Rca1 Kf6 41. Qxh6+ Rg6 42. R1a6+ 1-0

[Event "249th YMCA Autumn B"]
[Site "Warsaw"]
[Date "2021.11.11"]
[Round "8"]
[White "Goral, Jan"]
[Black "Sypula, Krzysztof"]
[Result "0-1"]
[WhiteElo "1672"]
[BlackElo "1656"]
[PlyCount "94"]
[EventDate "2021.09.23"]
[EventType "tourn"]
[EventRounds "1"]
[EventCountry "POL"]
[SourceDate "2021.09.23"]

1. d4 Nf6 2. c4 c5 3. d5 b5 4. cxb5 a6 5. b6 g6 6. Nc3 Qxb6 7. Nf3 Bg7 8. g3
O-O 9. Bg2 d6 10. O-O a5 11. Re1 Na6 12. Nd2 Nc7 13. h3 Bd7 14. Nc4 Qa6 15. Qd3
Bb5 16. Nxb5 Qxb5 17. Bd2 a4 18. Bc3 Nd7 19. f4 Nb6 20. Nxb6 Qxb6 21. Kh2 Nb5
22. Bxg7 Kxg7 23. Rab1 Qa5 24. Rec1 Rfb8 25. e3 Ra7 26. g4 Nc7 27. h4 Ne8 28.
Bf3 Rab7 29. Rc2 Rb4 30. Be2 Qd8 31. Kg3 Nf6 32. Bf3 Qd7 33. Qd1 e5 34. fxe5
dxe5 35. g5 Ne8 36. Bg4 Qd6 37. Kh3 Re4 38. Qd3 Rbb4 39. Rg1 f5 40. gxf6+ Nxf6
41. a3 Rxg4 42. axb4 Rxg1 43. bxc5 Qd7+ 44. Kh2 Qg4 45. e4 Rd1 46. Qg3 Qxe4 47.
Rg2 Qxd5 0-1

[Event "249th YMCA Autumn B"]
[Site "Warsaw"]
[Date "2021.11.09"]
[Round "8"]
[White "Dabrowski, Leszek"]
[Black "Sloniewska, Alicja"]
[Result "0-1"]
[WhiteElo "1436"]
[BlackElo "1658"]
[PlyCount "94"]
[EventDate "2021.09.23"]
[EventType "tourn"]
[EventRounds "1"]
[EventCountry "POL"]
[SourceDate "2021.09.23"]

1. c4 c6 2. Nc3 d5 3. cxd5 cxd5 4. Nf3 Nf6 5. g3 Nc6 6. Bg2 Bf5 7. Qb3 Qd7 8.
O-O e6 9. d3 Bd6 10. Bg5 Be7 11. Rfd1 d4 12. Nb5 a6 13. Na3 O-O 14. Nc4 Nd5 15.
Nce5 Nxe5 16. Nxe5 Qc7 17. Bxe7 Qxe7 18. Nf3 Qf6 19. Qc4 Bg6 20. Rac1 Rfd8 21.
Qxd4 Qe7 22. Qa4 b5 23. Qa5 Qd6 24. e4 Ne7 25. e5 Qb8 26. Nh4 Ra7 27. Nxg6 hxg6
28. d4 Rad7 29. Qc3 Nf5 30. d5 exd5 31. g4 Ne7 32. Qd4 Rc7 33. Rc5 Rxc5 34.
Qxc5 Qxe5 35. Qb6 Qd6 36. Qd4 Qe6 37. h3 Rd6 38. Kf1 Nc6 39. Qc5 Ne7 40. Re1
Qd7 41. Re3 Kf8 42. Rd3 Rc6 43. Qb4 Rc4 44. Qd2 Qc6 45. Bxd5 Rc1+ 46. Kg2 Nxd5
47. Qg5 Ne3+ 0-1

[Event "249th YMCA Autumn B"]
[Site "Warsaw"]
[Date "2021.11.18"]
[Round "9"]
[White "Dropia, Rafal"]
[Black "Kurowski, Maciej"]
[Result "1-0"]
[WhiteElo "1621"]
[BlackElo "1590"]
[PlyCount "75"]
[EventDate "2021.09.23"]
[EventType "tourn"]
[EventRounds "1"]
[EventCountry "POL"]
[SourceDate "2021.09.23"]

1. d4 d5 2. Bf4 Nf6 3. e3 c5 4. c3 Qb6 5. Qb3 c4 6. Qxb6 axb6 7. Na3 Nc6 8. Nb5
Ra5 9. a4 Bf5 10. Nf3 Kd7 11. Ng5 Bg6 12. f3 h6 13. Nh3 Bc2 14. e4 e6 15. Nf2
Bxa4 16. Na3 Bb3 17. Be2 Bxa3 18. Rxa3 Rxa3 19. bxa3 Ra8 20. Bc1 Na7 21. Kd2
Nb5 22. Bb2 Ra5 23. Ra1 Nc7 24. e5 Nfe8 25. h4 f6 26. f4 Ke7 27. Bh5 Ba4 28. g4
Bd7 29. Nh3 Kf8 30. g5 f5 31. Rg1 Nb5 32. gxh6 gxh6 33. Rg6 Ng7 34. Rxh6 Nxh5
35. Rxh5 Kg8 36. Ng5 Nxa3 37. Rh7 Bc8 38. Re7 1-0

[Event "249th YMCA Autumn B"]
[Site "Warsaw"]
[Date "2021.11.16"]
[Round "9"]
[White "Sloniewska, Alicja"]
[Black "Szumigaj, Marcin"]
[Result "1/2-1/2"]
[WhiteElo "1658"]
[BlackElo "1473"]
[PlyCount "97"]
[EventDate "2021.09.23"]
[EventType "tourn"]
[EventRounds "1"]
[EventCountry "POL"]
[SourceDate "2021.09.23"]

1. d4 Nf6 2. c4 g6 3. Nc3 d5 4. cxd5 Nxd5 5. Bd2 Bg7 6. e4 Nb6 7. Be3 O-O 8.
Be2 Nc6 9. Nf3 Bg4 10. d5 Bxf3 11. Bxf3 Ne5 12. Be2 Nec4 13. Bc1 c6 14. O-O Rc8
15. dxc6 Rxc6 16. Qb3 e6 17. a4 a5 18. Rd1 Qe7 19. Rb1 Rd8 20. Nb5 Rxd1+ 21.
Qxd1 Qd7 22. Qxd7 Nxd7 23. b3 Nd6 24. f3 Nxb5 25. Bxb5 Bd4+ 26. Kh1 Rc7 27. Ba3
Nb6 28. Rd1 e5 29. Rc1 Rxc1+ 30. Bxc1 Nc8 31. Ba3 Na7 32. Bc4 Nc6 33. Bd5 Kg7
34. g3 f5 35. Kg2 Kf6 36. Kf1 Nd8 37. Ke2 b6 38. Bc1 Ne6 39. Be3 Bxe3 40. Kxe3
fxe4 41. Kxe4 Nc5+ 42. Ke3 g5 43. g4 Ke7 44. Kd2 Kd6 45. Bg8 h6 46. Bc4 e4 47.
fxe4 Nxe4+ 48. Ke3 Ke5 49. h3 $11 1/2-1/2

[Event "249th YMCA Autumn B"]
[Site "Warsaw"]
[Date "2021.11.18"]
[Round "9"]
[White "Sypula, Krzysztof"]
[Black "Dabrowski, Leszek"]
[Result "1-0"]
[WhiteElo "1656"]
[BlackElo "1436"]
[PlyCount "49"]
[EventDate "2021.09.23"]
[EventType "tourn"]
[EventRounds "1"]
[EventCountry "POL"]
[SourceDate "2021.09.23"]

1. Nf3 Nf6 2. g3 c6 3. Bg2 d5 4. O-O g6 5. b3 Bg7 6. Bb2 O-O 7. c4 dxc4 8. bxc4
Qb6 9. Qc2 Bf5 10. d3 Na6 11. Nbd2 Rfd8 12. Rab1 Qc7 13. Be5 Qd7 14. Qb2 b6 15.
Nd4 Rac8 16. Qa3 Nc5 17. Nxf5 gxf5 18. Nf3 Ne6 19. Rfd1 c5 20. e3 Ng4 21. Bxg7
Kxg7 22. h3 Nf6 23. Qc3 Kh6 24. Qe5 Ng7 25. Qf4+ 1-0

[Event "249th YMCA Autumn B"]
[Site "Warsaw"]
[Date "2021.11.09"]
[Round "9"]
[White "Mazurek, Jerzy"]
[Black "Goral, Jan"]
[Result "1-0"]
[WhiteElo "1691"]
[BlackElo "1672"]
[PlyCount "119"]
[EventDate "2021.09.23"]
[EventType "tourn"]
[EventRounds "1"]
[EventCountry "POL"]
[SourceDate "2021.09.23"]

1. c4 c5 2. Nc3 Nc6 3. g3 g6 4. Bg2 Bg7 5. e4 d6 6. Nge2 e6 7. O-O Nge7 8. d3
O-O 9. Rb1 Rb8 10. a3 a6 11. b4 Nd4 12. Nxd4 cxd4 13. Ne2 b5 14. a4 Bd7 15.
cxb5 axb5 16. a5 Bc6 17. Bd2 d5 18. f3 Qd6 19. Nf4 e5 20. Nxd5 Nxd5 21. exd5
Bxd5 22. f4 Rbc8 23. Bxd5 Qxd5 24. Qb3 Qxb3 25. Rxb3 Rc2 26. Rf2 Rfc8 27. Ra3
f5 28. fxe5 Bxe5 29. a6 Ra8 30. Bf4 Rxf2 31. Kxf2 Bxf4 32. gxf4 Kf7 33. a7 Ke6
34. Kg3 Ke7 35. Kh4 h6 36. Ra6 Kf7 37. h3 Kg7 38. Kg3 g5 39. fxg5 hxg5 40. h4
gxh4+ 41. Kxh4 Kf7 42. Kg5 Ke7 43. Kxf5 Kd7 44. Ke5 Kc7 45. Kxd4 Kb7 46. Ra5
Kb6 47. Ke5 Re8+ 48. Kf6 Rf8+ 49. Ke7 Ra8 50. Kd7 Rxa7+ 51. Rxa7 Kxa7 52. Kc6
Ka6 53. d4 Ka7 54. Kxb5 Kb7 55. d5 Kc7 56. Kc5 Kd7 57. b5 Kc7 58. b6+ Kb7 59.
Kb5 Kb8 60. Kc6 1-0

[Event "249th YMCA Autumn B"]
[Site "Warsaw"]
[Date "2021.11.10"]
[Round "9"]
[White "Jaroszuk, Marcin"]
[Black "Wiktorowski, Janusz"]
[Result "1-0"]
[WhiteElo "1572"]
[BlackElo "1449"]
[PlyCount "123"]
[EventDate "2021.09.23"]
[EventType "tourn"]
[EventRounds "1"]
[EventCountry "POL"]
[SourceDate "2021.09.23"]

1. f4 d5 2. Nf3 Nf6 3. e3 Bf5 4. Be2 Nc6 5. O-O d4 6. Ne5 Qd6 7. Bb5 a6 8.
Bxc6+ bxc6 9. b3 dxe3 10. Nc4 Qd4 11. Bb2 e2+ 12. Bxd4 exd1=Q 13. Rxd1 Bxc2 14.
Re1 Nd5 15. Ne5 Nxf4 16. Nxc6 f6 17. Nc3 e5 18. g3 Nh3+ 19. Kg2 Ng5 20. Nxe5
O-O-O 21. Be3 Ne4 22. Nf7 Bb4 23. Nxe4 Bxe4+ 24. Kg1 Rhf8 25. Nxd8 Rxd8 26. Re2
f5 27. Rc1 Rd3 28. Rc4 a5 29. Rd4 Bc5 30. Rxd3 Bxd3 31. Re1 Bb4 32. Bd4 Kb7 33.
Bc3 Bc5+ 34. Kg2 Be4+ 35. Rxe4 fxe4 36. Bxg7 Kc6 37. Kf1 Kb5 38. Ke2 Kc6 39.
Bc3 Kb5 40. Kf1 a4 41. g4 axb3 42. axb3 Bb4 43. h4 Be7 44. g5 Kc6 45. Kf2 Kd5
46. Kg3 Bd6+ 47. Kg4 Ke6 48. Ba5 c6 49. Kh5 Kf7 50. Kh6 Kg8 51. g6 Bf4+ 52. Kh5
e3 53. dxe3 Bxe3 54. Bc7 Bd4 55. Bf4 hxg6+ 56. Kxg6 Bg7 57. Bg5 Be5 58. h5 Bd4
59. h6 c5 60. h7+ Kh8 61. Bf6+ Bxf6 62. Kxf6 1-0

[Event "249th YMCA Autumn B"]
[Site "Warsaw"]
[Date "2021.11.25"]
[Round "10"]
[White "Kurowski, Maciej"]
[Black "Wiktorowski, Janusz"]
[Result "0-1"]
[WhiteElo "1590"]
[BlackElo "1449"]
[PlyCount "66"]
[EventDate "2021.09.23"]
[EventType "tourn"]
[EventRounds "1"]
[EventCountry "POL"]
[SourceDate "2021.09.23"]

1. d4 Nf6 2. Nf3 e6 3. Bf4 d5 4. e3 Nc6 5. c3 Bd6 6. Bg3 O-O 7. Bd3 Ne7 8. Nbd2
Ng4 9. Bxh7+ Kxh7 10. Ng5+ Kg6 11. Bxd6 Nxf2 12. Kxf2 Qxd6 13. Ndf3 f6 14. Qd3+
Nf5 15. Nh3 Kf7 16. e4 dxe4 17. Qxe4 Bd7 18. Rhe1 Bc6 19. Qg4 Bxf3 20. Qxf3
Rfe8 21. Kg1 Rh8 22. Re2 g5 23. Rf1 g4 24. Qxg4 Rag8 25. Qf3 c6 26. Nf4 Re8 27.
g3 Ng7 28. Nd3 Rh6 29. Ne5+ Ke7 30. Ng4 Rg6 31. Nxf6 Rf8 32. Ng8+ Ke8 33. Rxe6+
Nxe6 0-1

[Event "249th YMCA Autumn B"]
[Site "Warsaw"]
[Date "2021.11.25"]
[Round "10"]
[White "Safanowski, Tomasz"]
[Black "Jaroszuk, Marcin"]
[Result "1-0"]
[WhiteElo "1688"]
[BlackElo "1572"]
[PlyCount "183"]
[EventDate "2021.09.23"]
[EventType "tourn"]
[EventRounds "1"]
[EventCountry "POL"]
[SourceDate "2021.09.23"]

1. f4 e5 2. fxe5 d6 3. exd6 Bxd6 4. Nf3 Nf6 5. d4 Ng4 6. Qd3 c5 7. Nc3 Nc6 8.
dxc5 Bxc5 9. Qxd8+ Kxd8 10. Ne4 Bb6 11. Bg5+ f6 12. O-O-O+ Ke7 13. h3 fxg5 14.
hxg4 Bxg4 15. Nc3 h6 16. Nd5+ Kf7 17. Nxb6 axb6 18. e4 Rhd8 19. Bc4+ Be6 20.
Rxd8 Nxd8 21. Bxe6+ Kxe6 22. a3 Nc6 23. Kd2 Ra4 24. Ke3 Na5 25. Nd2 Nc4+ 26.
Nxc4 Rxc4 27. c3 Ke5 28. Rd1 Rxe4+ 29. Kf3 Rf4+ 30. Ke3 Rg4 31. Kf3 Rf4+ 32.
Kg3 Ke6 33. Rd8 h5 34. Rb8 Rf7 35. Rh8 g6 36. Rg8 Kf5 37. a4 Rd7 38. Rf8+ Ke5
39. Rg8 Rd3+ 40. Kh2 Kf6 41. Rf8+ Ke6 42. Rb8 Rd7 43. Rg8 Kf5 44. Rf8+ Ke5 45.
Rg8 Rd6 46. Rg7 Ke4 47. Rxb7 Kd3 48. a5 bxa5 49. Rb5 a4 50. Rxg5 Kc2 51. Rb5
Ra6 52. c4 a3 53. bxa3 Kc3 54. c5 Rc6 55. Kg3 Kc4 56. Rb6 Rxc5 57. Rxg6 Ra5 58.
Kh4 Kd4 59. Re6 Rxa3 60. Kxh5 Ra8 61. g4 Rh8+ 62. Kg5 Kd5 63. Re7 Kd6 64. Rf7
Ke6 65. Kg6 Rg8+ 66. Rg7 Rh8 67. g5 Rh3 68. Ra7 Rg3 69. Ra1 Rf3 70. Re1+ Kd7
71. Kg7 Rf2 72. g6 Rg2 73. Kh7 Rh2+ 74. Kg8 Rg2 75. Kg7 Rg3 76. Re5 Kd6 77. Re4
Kd5 78. Rf4 Ke5 79. Rf2 Ke6 80. Kh7 Rh3+ 81. Kg8 Rg3 82. g7 Ke7 83. Re2+ Kd7
84. Re4 Kd6 85. Kf7 Kd5 86. Rh4 Rf3+ 87. Kg6 Rg3+ 88. Kf6 Kd6 89. Rh5 Kd7 90.
Rh8 Rf3+ 91. Ke5 Ke7 92. g8=Q 1-0

[Event "249th YMCA Autumn B"]
[Site "Warsaw"]
[Date "2021.11.25"]
[Round "10"]
[White "Dabrowski, Leszek"]
[Black "Mazurek, Jerzy"]
[Result "0-1"]
[WhiteElo "1436"]
[BlackElo "1691"]
[PlyCount "104"]
[EventDate "2021.09.23"]
[EventType "tourn"]
[EventRounds "1"]
[EventCountry "POL"]
[SourceDate "2021.09.23"]

1. e4 c5 2. d3 Nc6 3. Nf3 g6 4. g3 Bg7 5. Bg2 e5 6. Nc3 Nge7 7. Be3 d6 8. Qd2
Nd4 9. Ne2 O-O 10. Nfxd4 cxd4 11. Bh6 f6 12. Bxg7 Kxg7 13. O-O Be6 14. c3 Qa5
15. b4 dxc3 16. Qxc3 Qb6 17. Qb2 Rac8 18. Rfc1 a5 19. a3 Rc6 20. d4 Rfc8 21.
Rxc6 bxc6 22. Rc1 axb4 23. d5 cxd5 24. Rxc8 Bxc8 25. axb4 d4 26. Nc1 Nc6 27.
Nd3 Ba6 28. Bf1 Bxd3 29. Bxd3 Qxb4 30. Qe2 Qc3 31. Bc4 Nb4 32. Be6 Qc1+ 33. Qf1
Qxf1+ 34. Kxf1 Kf8 35. Ke2 Ke7 36. Bg8 h6 37. g4 g5 38. Kd2 d5 39. f3 Kd6 40.
Bf7 Kc5 41. Be6 dxe4 42. fxe4 Nc6 43. Ba2 Kb4 44. Kd3 Na5 45. Bd5 Nb3 46. Kc2
Nc5 47. Kd2 Nd7 48. Kd3 Kc5 49. Ba2 Nf8 50. Bf7 Kd6 51. Bb3 Ne6 52. Bd1 Nc5+
0-1

[Event "249th YMCA Autumn B"]
[Site "Warsaw"]
[Date "2021.11.25"]
[Round "10"]
[White "Szumigaj, Marcin"]
[Black "Sypula, Krzysztof"]
[Result "1-0"]
[WhiteElo "1473"]
[BlackElo "1656"]
[PlyCount "79"]
[EventDate "2021.09.23"]
[EventType "tourn"]
[EventRounds "1"]
[EventCountry "POL"]
[SourceDate "2021.09.23"]

1. e4 d5 2. exd5 Qxd5 3. Nc3 Qd6 4. d4 Nf6 5. Nf3 a6 6. Qd3 Nc6 7. Be3 Bg4 8.
Ne4 Nxe4 9. Qxe4 Bxf3 10. gxf3 e6 11. O-O-O Qd5 12. c4 Qxe4 13. fxe4 O-O-O 14.
Bh3 Kb8 15. Rhg1 g6 16. d5 exd5 17. cxd5 Ne7 18. Bd4 Bh6+ 19. Kc2 Rhe8 20. Rg4
Ng8 21. Rh4 b6 22. Bg2 f5 23. e5 Re7 24. d6 cxd6 25. Bxb6 Rc8+ 26. Kb3 Rxe5 27.
a4 f4 28. Rxd6 Re7 29. Bd5 Bg5 30. Rg4 Bh6 31. Rh4 Bg5 32. Rh3 Nf6 33. Bg2 Nd7
34. Ba5 Nc5+ 35. Ka2 Nb7 36. Rb3 Ka7 37. Bb6+ Ka8 38. Bd8 Rxd8 39. Rxd8+ Ka7
40. Bxb7 1-0